Geografía : el mundo y la globalización /
Guardado en:
| Autor Principal: | |
|---|---|
| Otros Autores: | , , , , , , |
| Formato: | Libro |
| Publicado: |
Ciudad Autónoma de Buenos Aires :
Santillana,
2015
|
| Series: | Saberes clave
|
| Materias: | |
| Etiquetas: |
Agregar Etiqueta
Sin Etiquetas, Sea el primero en etiquetar este registro!
|
| LEADER | 02749nam a22004575a 4500 | ||
|---|---|---|---|
| 001 | CEM.cems018468 | ||
| 005 | 20150902131658.0 | ||
| 008 | 130507s2015##################000#0#####d | ||
| 003 | CEMS | ||
| 020 | |a 9789504623557 | ||
| 082 | 0 | 4 | |a 330.9 |
| 100 | 1 | |a Perez de Lois, Graciela | |
| 245 | 1 | 0 | |a Geografía : |b el mundo y la globalización / |c Director Graciela Perez de Lois |
| 260 | |a Ciudad Autónoma de Buenos Aires : |b Santillana, |c 2015 | ||
| 300 | |a 256 p. | ||
| 490 | 0 | |a Saberes clave | |
| 505 | 0 | |a La globalización y las condiciones del desarrollo desigual mundial -- Espacios geográficos y territorios -- Estados nacionales, territorios estatales -- Globalización y capitalismo -- Continentes, países y economías -- Intercambios globalizados -- Problemas en la globalización -- La antiglobalización -- Desarrollo y globalización -- La desigual distribución mundial de la producción y los recursos -- Industria y desarrollo -- Producción agraria y alimentos -- Recursos, materias primas, energía -- Un recurso vital cada vez más preciado, el agua -- Petróleo y gas, grandes desafíos -- El reto medioambiental y el desarrollo sustentable -- Distribución de la población y condiciones de vida en la globalización -- Desafíos de la urbanización -- Las personas siguen migrando por el mundo -- Condiciones de vida y de trabajo en zonas urbanas y rurales | |
| 653 | |a Geografía | ||
| 653 | |a Geografía mundial | ||
| 653 | |a Globalización | ||
| 700 | 1 | |a Ataide, Soraya | |
| 700 | 1 | |a Bertoncello, Rodolfo | |
| 700 | 1 | |a Casaubón, Hernán J. | |
| 700 | 1 | |a García, Patricia, A. | |
| 700 | 1 | |a Minvielle, Sandra E. | |
| 700 | 1 | |a Snyrynskyi, Gabriel C. | |
| 700 | 1 | |a Soto, Mercedes | |
| 859 | |a CEMS |b BIB. CEMS - Agricultura |h 330.9 |i P415 |p A2435.15 |t Ej.1 | ||
| 859 | |a CEMS |b BIB. CEMS - Agricultura |h 330.9 |i P415 |p A2436.15 |t Ej.2 | ||
| 859 | |a CEMS |b BIB. CEMS - Agricultura |h 330.9 |i P415 |p A2437.15 |t Ej.3 | ||
| 859 | |a CEMS |b BIB. CEMS - Agricultura |h 330.9 |i P415 |p A2438.15 |t Ej.4 | ||
| 859 | |a CEMS |b BIB. CEMS - Agricultura |h 330.9 |i P415 |p A2439.15 |t Ej.5 | ||
| 859 | |a CEMS |b BIB. CEMS - Agricultura |h 330.9 |i P415 |p A2440.15 |t Ej.6 | ||
| 859 | |a CEMS |b BIB. CEMS - Agricultura |h 330.9 |i P415 |p A2441.15 |t Ej.7 | ||
| 859 | |a CEMS |b BIB. CEMS - Agricultura |h 330.9 |i P415 |p A2442.15 |t Ej.8 | ||
| 859 | |a CEMS |b BIB. CEMS - Agricultura |h 330.9 |i P415 |p A2443.15 |t Ej.9 | ||
| 859 | |a CEMS |b BIB. CEMS - Agricultura |h 330.9 |i P415 |p A2444.15 |t Ej.10 | ||
| 859 | |a CEMS |b BIB. CEMS - Agricultura |h 330.9 |i P415 |p A2445.15 |t Ej.11 | ||
| 859 | |a CEMS |b BIB. CEMS - Agricultura |h 330.9 |i P415 |p A2446.15 |t Ej.12 | ||
| 859 | |a CEMS |b BIB. CEMS - Agricultura |h 330.9 |i P415 |p A2447.15 |t Ej.13 | ||
| 859 | |a CEMS |b BIB. CEMS - Agricultura |h 330.9 |i P415 |p A2723.16 |t Ej.14 | ||
